Čítanka pre 9. postupný ročník všeobecnovzdelávacich škôl.

Uložené v:
Podrobná bibliografia
Médium: Kniha
Jazyk:Slovak
Vydané: Bratislava : Slovenské pedagogické nakladatelstvo, 1956.
Vydanie:2. vyd.
ISBN: (viaz.)
Fyzický popis: 462 s.
Tagy: Pridať tag
Žiadne tagy, Buďte prvý kto otaguje tento záznam!

MARC

LEADER 00000nam a22000004a 4500
001 000559727
005 20170918213415.0
008 170918s1956 xo e 0 slo d
020 |a (viaz.)  |z Kčs 12,40 
040 |a SVKKK  |b slo  |c SVKKK  |e AACR2 
041 0 |a slo 
044 |a xo  |c SK 
245 1 0 |a Čítanka pre 9. postupný ročník všeobecnovzdelávacich škôl. 
250 |a 2. vyd. 
260 |a Bratislava :  |b Slovenské pedagogické nakladatelstvo,  |c 1956. 
300 |a 462 s. 
910 |a svkkk 
998 |a BK 
090 |g SCKHL  |k Sklad Pribinova 2. posch.  |a III.34992  |j 134978  |i 2720348446  |s Prezenčne